Aunt Julia and the scriptwriter = Tía Julia y el escritor /
Sábháilte in:
| Príomhchruthaitheoir: | |
|---|---|
| Formáid: | Anaithnid |
| Teanga: | English |
| Foilsithe / Cruthaithe: |
New York :
Farrar/Straus/Giroux,
1982.
|
| Ábhair: | |
| Clibeanna: |
Cuir clib leis
Níl clibeanna ann, Bí ar an gcéad duine le clib a chur leis an taifead seo!
|
MARC
| LEADER | 000000000a22000000004500 | ||
|---|---|---|---|
| 001 | 014305 | ||
| 041 | 0 | |a eng | |
| 082 | 0 | 4 | |a Pe863.4 |b V297a |
| 100 | 1 | |a Vargas Llosa, Mario, |d 1936- | |
| 245 | 1 | 0 | |a Aunt Julia and the scriptwriter = |b Tía Julia y el escritor / |c Mario Vargas Llosa. |
| 246 | 3 | 1 | |a Tía Julia y el escritor |
| 260 | 1 | |a New York : |b Farrar/Straus/Giroux, |c 1982. | |
| 300 | |a 374 páginas ; |c 24 cm. | ||
| 650 | 4 | |a FICCION | |
| 650 | 4 | |a ESCRITORES DE RADIO | |
| 650 | 4 | |a TIAS | |
| 500 | |a Colección George Yúdice | ||
| 999 | |c 20199 |d 20199 | ||
| 942 | |c BK |h Pe863.4 V297a |2 z | ||
